[Event "Team men HL chess 2016"]
[Site "Sochi"]
[Date "2016.05.10"]
[Round "9.8"]
[White "Palachev, Petr"]
[Black "Triapishko, Olexandr"]
[Result "1/2-1/2"]
[WhiteElo "2403"]
[BlackElo "2474"]
[PlyCount "58"]
[EventDate "2016.05.01"]

1. Nf3 d5 2. c4 d4 3. g3 g6 4. Bg2 Bg7 5. O-O e5 6. d3 Ne7 7. b4 O-O 8. a4 a5
9. b5 c5 10. Ra2 Nf5 11. e3 Ra7 12. exd4 exd4 13. Bf4 Nd7 14. Re1 h6 15. h4 Nf6
16. Ne5 Nd7 17. Nf3 Nf6 18. Rae2 Ng4 19. Nbd2 b6 20. Ne4 Re7 21. Bh3 h5 22. Bg2
f6 23. Qd2 Rfe8 24. Nh2 Ne5 25. Nf3 Ng4 26. Nh2 Ne5 27. Nf3 Ng4 28. Nh2 Ne5 29.
Nf3 Ng4 1/2-1/2

[Event "Team men HL chess 2016"]
[Site "Sochi"]
[Date "2016.05.10"]
[Round "9.8"]
[White "Sitnikov, Anton"]
[Black "Mokshanov, Alexey"]
[Result "1-0"]
[WhiteElo "2425"]
[BlackElo "2425"]
[PlyCount "105"]
[EventDate "2016.05.01"]

1. e4 e6 2. d4 d5 3. Nc3 Nf6 4. Bg5 Be7 5. e5 Nfd7 6. Bxe7 Qxe7 7. f4 O-O 8.
Nf3 c5 9. Nb5 Nc6 10. c3 f6 11. Qd2 b6 12. Nd6 cxd4 13. cxd4 fxe5 14. fxe5 Rxf3
15. gxf3 Qh4+ 16. Qf2 Qf4 17. Qd2 Qh4+ 18. Kd1 Nxd4 19. f4 Qg4+ 20. Kc1 Nf3 21.
Qe3 Bb7 22. Nxb7 Rc8+ 23. Kd1 Nd4+ 24. Be2 Qg2 25. Rg1 Nc2 26. Qg3 Qxg3 27.
Rxg3 Nxa1 28. Rc3 Rxc3 29. bxc3 g5 30. Bg4 Kf7 31. Nd8+ Ke8 32. Nxe6 gxf4 33.
Nxf4 Nxe5 34. Be2 Ke7 35. Nxd5+ Kd6 36. Nf4 Nd7 37. Nd3 Kd5 38. Kc1 Ke4 39. Kb2
Ke3 40. Bf1 Kd2 41. Kxa1 Kxc3 42. Kb1 Nf6 43. Ne5 Nd5 44. Kc1 Nc7 45. Nd7 Nd5
46. Bh3 b5 47. Be6 Nf4 48. Bg8 h6 49. Nf6 b4 50. Nd5+ Nxd5 51. Bxd5 a5 52. Bb3
Kd3 53. Kb2 1-0

[Event "Team men HL chess 2016"]
[Site "Sochi"]
[Date "2016.05.10"]
[Round "9.8"]
[White "Natacheev, Peter"]
[Black "Derevianchenko, Ilia"]
[Result "1-0"]
[WhiteElo "2361"]
[BlackElo "2308"]
[PlyCount "81"]
[EventDate "2016.05.01"]

1. e4 e5 2. Nf3 d6 3. d4 exd4 4. Nxd4 Nf6 5. Nc3 Be7 6. Bc4 O-O 7. O-O Nxe4 8.
Nxe4 d5 9. Bd3 dxe4 10. Bxe4 Bf6 11. Be3 Re8 12. Qd3 g6 13. Rad1 Qe7 14. Bf3
Nd7 15. Bf4 Ne5 16. Bxe5 Qxe5 17. c3 c6 18. Qd2 Bg5 19. Qe1 Bd7 20. Qxe5 Rxe5
21. Rfe1 Rae8 22. Rxe5 Rxe5 23. h3 Bf6 24. g4 h5 25. Kg2 hxg4 26. Bxg4 Rd5 27.
Bxd7 Rxd7 28. Rd2 Bxd4 29. Rxd4 Rxd4 30. cxd4 Kg7 31. Kf3 Kf6 32. Kf4 a5 33. a4
b5 34. d5 cxd5 35. axb5 Ke6 36. Ke3 Kd6 37. Kd4 g5 38. f4 f6 39. fxg5 fxg5 40.
b3 Ke6 41. Kc5 1-0

[Event "Team men HL chess 2016"]
[Site "Sochi"]
[Date "2016.05.10"]
[Round "9.8"]
[White "Barash, Mikhail"]
[Black "Pogorelskikh, Sergey"]
[Result "0-1"]
[WhiteElo "2133"]
[BlackElo "2281"]
[PlyCount "74"]
[EventDate "2016.05.01"]

1. d4 c5 2. Nf3 cxd4 3. Nxd4 Nc6 4. e4 e6 5. c4 Nf6 6. Nc3 Bb4 7. Nxc6 bxc6 8.
e5 Ne4 9. Qd4 Qa5 10. Bd2 Nxd2 11. Kxd2 Rb8 12. Kc2 c5 13. Qe3 Bxc3 14. Qxc3
Qxc3+ 15. Kxc3 Bb7 16. Bd3 f5 17. f4 Ke7 18. Rhg1 h5 19. g3 a5 20. Be2 Bc6 21.
Rad1 g6 22. h4 Rb6 23. Rd2 Rhb8 24. Rf1 a4 25. Rf2 Rb4 26. Bf1 Be4 27. Bd3 Bb7
28. Bf1 Ba6 29. Rd6 R4b6 30. Rfd2 Rxd6 31. Rxd6 Bb7 32. Rb6 Kd8 33. Rb5 Kc7 34.
Rxc5+ Bc6 35. Bg2 Kb6 36. Bxc6 dxc6 37. Kb4 Ra8 0-1

[Event "Team men HL chess 2016"]
[Site "Sochi"]
[Date "2016.05.10"]
[Round "9.9"]
[White "Vavulin, Maksim"]
[Black "Grishchenko, Sergey"]
[Result "1-0"]
[WhiteElo "2474"]
[BlackElo "2441"]
[PlyCount "55"]
[EventDate "2016.05.01"]

1. e4 c6 2. d3 d5 3. Qe2 dxe4 4. dxe4 e5 5. g3 Na6 6. Bg2 Bb4+ 7. Nd2 Be6 8.
Ngf3 f6 9. a3 Be7 10. Nc4 Nc5 11. O-O b5 12. Ncxe5 fxe5 13. Nxe5 Qc7 14. Bf4
Qb7 15. b4 Nd7 16. Nxd7 Qxd7 17. Rfd1 Qc8 18. a4 Bc4 19. Qh5+ Bf7 20. Qe5 bxa4
21. Rxa4 Nf6 22. b5 Ng4 23. Qc3 cxb5 24. Rxa7 Bc4 25. Rxe7+ Kxe7 26. Qxg7+ Bf7
27. Bg5+ Ke6 28. Bh3 1-0

[Event "Team men HL chess 2016"]
[Site "Sochi"]
[Date "2016.05.10"]
[Round "9.9"]
[White "Potapov, Alexey"]
[Black "Tarasov, Alexandr"]
[Result "1/2-1/2"]
[WhiteElo "2368"]
[BlackElo "2323"]
[PlyCount "82"]
[EventDate "2016.05.01"]

1. Nf3 c5 2. g3 Nc6 3. Bg2 g6 4. c4 Bg7 5. Nc3 e6 6. d3 Nge7 7. O-O O-O 8. Rb1
d5 9. Bd2 b6 10. Qc1 Bb7 11. Bh6 Bxh6 12. Qxh6 Nf5 13. Qf4 dxc4 14. dxc4 Qb8
15. Rfd1 Qxf4 16. gxf4 Na5 17. b3 Rfd8 18. e3 Kf8 19. Nb5 Be4 20. Ra1 Ke7 21.
Ng5 Bxg2 22. Kxg2 f6 23. Ne4 Nc6 24. Kf3 a6 25. Nbc3 Nd6 26. Nxd6 Rxd6 27. Rxd6
Kxd6 28. h4 Ke7 29. h5 gxh5 30. Rh1 Kf7 31. f5 exf5 32. Kf4 b5 33. Kxf5 bxc4
34. bxc4 Re8 35. Kf4 Ne5 36. Rxh5 Kg6 37. Rh1 Nd3+ 38. Kg3 Ne5 39. Ne4 Nd3 40.
Nc3 Ne5 41. Ne4 Nd3 1/2-1/2

[Event "Team men HL chess 2016"]
[Site "Sochi"]
[Date "2016.05.10"]
[Round "9.9"]
[White "Kovalev, Egor"]
[Black "Pogosian, Georgy"]
[Result "0-1"]
[WhiteElo "2207"]
[BlackElo "2184"]
[PlyCount "76"]
[EventDate "2016.05.01"]

1. Nf3 Nf6 2. g3 d5 3. Bg2 c6 4. c4 Bf5 5. d4 e6 6. Nc3 h6 7. Qb3 Qb6 8. c5 Qc7
9. Bf4 Qc8 10. O-O Nbd7 11. Ne5 Be7 12. Nxd7 Qxd7 13. Rad1 O-O 14. f3 g5 15.
Bc1 b6 16. cxb6 axb6 17. h4 Qc7 18. hxg5 hxg5 19. e4 Bg6 20. e5 Nh5 21. Ne2 c5
22. f4 cxd4 23. Nxd4 Bc5 24. Kh2 Kg7 25. f5 Rh8 26. Bh3 Qxe5 27. Rfe1 Qf6 28.
Nxe6+ fxe6 29. Rxe6 Qxf5 30. Re7+ Kf8 31. Be3 Qc2+ 32. Qxc2 Bxc2 33. Bxc5 bxc5
34. Rde1 Be4 35. Re5 g4 36. Rf1+ Bf3 37. Bxg4 Nf6+ 38. Kg1 Rh1+ 0-1

[Event "Team men HL chess 2016"]
[Site "Sochi"]
[Date "2016.05.10"]
[Round "9.9"]
[White "Parfenov, Viktor N"]
[Black "Cherenkov, Andrey"]
[Result "1-0"]
[WhiteElo "2167"]
[BlackElo "2207"]
[PlyCount "97"]
[EventDate "2016.05.01"]

1. d4 d5 2. Bf4 e6 3. e3 Bd6 4. Bxd6 cxd6 5. Qg4 Qf6 6. Qg3 e5 7. Nc3 Ne7 8.
Nb5 Na6 9. Nf3 Nf5 10. Qg5 Qxg5 11. Nxg5 f6 12. Nf3 Ke7 13. O-O-O Be6 14. g4
Nh6 15. g5 Ng4 16. Rd2 e4 17. gxf6+ Nxf6 18. Ng5 Bg4 19. Nh3 h6 20. Nf4 Kd7 21.
Rg1 h5 22. h3 g5 23. Ng6 Rh6 24. Ne5+ Ke6 25. hxg4 dxe5 26. gxh5 Rxh5 27. Be2
Rh2 28. Rxg5 exd4 29. Nxd4+ Kf7 30. Bxa6 bxa6 31. b3 Rg8 32. Rxg8 Kxg8 33. Ne6
Kf7 34. Nf4 Ng4 35. Nxd5 Nxf2 36. Kb2 Ke6 37. Ka3 Kf5 38. c4 Kg4 39. c5 Kf3 40.
c6 Rh8 41. Rxf2+ Kxf2 42. c7 Ke2 43. Kb4 Kd3 44. Ka5 Rc8 45. Kxa6 Rxc7 46. Nxc7
Kxe3 47. Ne6 Kd2 48. Kxa7 e3 49. Nf4 1-0

[Event "Team men HL chess 2016"]
[Site "Sochi"]
[Date "2016.05.10"]
[Round "9.10"]
[White "Vasilyev, Vasily"]
[Black "Bezgodov, Alexei"]
[Result "1/2-1/2"]
[WhiteElo "2308"]
[BlackElo "2512"]
[PlyCount "81"]
[EventDate "2016.05.01"]

1. d4 d5 2. Nf3 Bf5 3. c4 e6 4. Nc3 Nf6 5. g3 h6 6. Bg2 c6 7. Qb3 Qb6 8. c5 Qc7
9. O-O Be7 10. Bf4 Qc8 11. h3 Nbd7 12. g4 Bg6 13. Qa4 Ne4 14. Nxe4 Bxe4 15. b4
a6 16. Qb3 O-O 17. a4 Bf6 18. Ne5 Bxe5 19. Bxe5 Bxg2 20. Kxg2 Nxe5 21. dxe5 f6
22. Qe3 Qc7 23. f4 Rae8 24. Rab1 Qd7 25. Qd4 Rf7 26. Rf3 Ref8 27. Rbf1 Qc7 28.
exf6 Rxf6 29. Qe5 Qxe5 30. fxe5 Rxf3 31. Rxf3 g5 32. Rxf8+ Kxf8 33. Kf3 Ke7 34.
Ke3 Kd7 35. Kd4 Ke7 36. Kc3 Kd7 37. a5 Ke7 38. e3 Kd7 39. Kd4 Kc7 40. Kd3 Kd7
41. Kd4 1/2-1/2

[Event "Team men HL chess 2016"]
[Site "Sochi"]
[Date "2016.05.10"]
[Round "9.10"]
[White "Vokarev, Sergey"]
[Black "Mestnikov, Aisen"]
[Result "0-1"]
[WhiteElo "2461"]
[BlackElo "2197"]
[PlyCount "146"]
[EventDate "2016.05.01"]

1. Nf3 Nf6 2. g3 g6 3. b3 Bg7 4. Bb2 O-O 5. Bg2 d5 6. c4 c6 7. O-O Na6 8. d3
Nc7 9. Nbd2 Nd7 10. Bxg7 Kxg7 11. d4 Nf6 12. Re1 Ne4 13. cxd5 cxd5 14. Nxe4
dxe4 15. Ne5 f5 16. f3 exf3 17. Bxf3 f4 18. gxf4 Rxf4 19. e3 Rf8 20. Qe2 Rb8
21. Bg2 Nd5 22. Rf1 Rxf1+ 23. Rxf1 Be6 24. Qf2 Qc7 25. Qg3 Nf6 26. Nd3 Qxg3 27.
hxg3 b6 28. e4 Rc8 29. d5 Rc3 30. Ne5 Bc8 31. Bf3 Re3 32. Rc1 Nxe4 33. Rc7 Kf6
34. Bxe4 Rxe4 35. Nf3 Bg4 36. Kf2 Bxf3 37. Kxf3 Rd4 38. Rxa7 Rxd5 39. Rb7 Rd6
40. b4 h5 41. a4 e5 42. a5 bxa5 43. bxa5 Rd3+ 44. Kg2 Ra3 45. Rb5 Kf5 46. Rc5
Ke4 47. Rb5 g5 48. Rb4+ Kd3 49. Rb5 Kd4 50. Rb4+ Kd5 51. Rb8 g4 52. Rh8 Ra2+
53. Kg1 Rxa5 54. Rxh5 Ke4 55. Kf2 Ra2+ 56. Kg1 Re2 57. Kf1 Rc2 58. Kg1 Rc5 59.
Kf2 Kd3 60. Rg5 Rc2+ 61. Kf1 e4 62. Rd5+ Ke3 63. Rf5 Rc1+ 64. Kg2 Kd2 65. Rd5+
Ke2 66. Rg5 e3 67. Rxg4 Kd2 68. Rd4+ Kc3 69. Re4 Kd3 70. Re8 e2 71. Rd8+ Kc2
72. Rc8+ Kb2 73. Rb8+ Ka3 0-1

[Event "Team men HL chess 2016"]
[Site "Sochi"]
[Date "2016.05.10"]
[Round "9.10"]
[White "Mestnikov, Aital"]
[Black "Ozgibcev, Anatoly"]
[Result "0-1"]
[WhiteElo "2188"]
[BlackElo "2375"]
[PlyCount "88"]
[EventDate "2016.05.01"]

1. e4 d5 2. exd5 Qxd5 3. Nc3 Qd6 4. d4 Nf6 5. Nf3 a6 6. h3 Bf5 7. Bd3 Bxd3 8.
Qxd3 Nc6 9. Bg5 e6 10. Bxf6 gxf6 11. Ne4 Qf4 12. g3 Qh6 13. c3 Be7 14. Qe3
Qxe3+ 15. fxe3 f5 16. Ned2 h5 17. e4 fxe4 18. Nxe4 Rg8 19. Kf2 f5 20. Ned2 Bd6
21. Rhg1 O-O-O 22. Rae1 e5 23. Nb3 e4 24. Nfd2 Rg7 25. Nc4 Rdg8 26. Nxd6+ cxd6
27. Nc1 Ne7 28. Ne2 Nd5 29. a3 Kd7 30. c4 Ne7 31. h4 Ng6 32. Ke3 Ke6 33. Ref1
Rc7 34. d5+ Ke5 35. Nd4 Ne7 36. b3 b5 37. Ne6 Rcc8 38. Rc1 bxc4 39. bxc4 Nxd5+
40. cxd5 Rxc1 41. Rxc1 Rxg3+ 42. Kf2 Rxa3 43. Rd1 Ra2+ 44. Ke1 Rh2 0-1

[Event "Team men HL chess 2016"]
[Site "Sochi"]
[Date "2016.05.10"]
[Round "9.10"]
[White "Bezdenezhnyh, Pavel"]
[Black "Zakharov, Nikolay A"]
[Result "1-0"]
[WhiteElo "2181"]
[BlackElo "1990"]
[PlyCount "109"]
[EventDate "2016.05.01"]

1. e4 c5 2. Nf3 d6 3. d4 cxd4 4. Qxd4 Nc6 5. Bb5 Bd7 6. Bxc6 Bxc6 7. Nc3 e6 8.
Bg5 Nf6 9. O-O-O Be7 10. Qd3 a6 11. Nd4 Rc8 12. f4 O-O 13. Bxf6 Bxf6 14. g4 g6
15. h4 Re8 16. g5 Bh8 17. h5 Bd7 18. hxg6 fxg6 19. Rh4 Re7 20. Nce2 d5 21. e5
Bg7 22. Rdh1 Bf8 23. Qh3 Bb5 24. Ng1 Qc7 25. c3 Qd7 26. Ngf3 Rc4 27. Kb1 Rf7
28. Qxe6 Qxe6 29. Nxe6 Re4 30. Nfd4 Bd3+ 31. Kc1 Be7 32. a4 a5 33. Kd2 Ba6 34.
Re1 Rxe1 35. Kxe1 b6 36. Kd2 Bc8 37. Ke3 Bd7 38. Nc7 Bc5 39. Nxd5 Bxa4 40. Nf6+
Kh8 41. Ke4 Rc7 42. Ne6 Bc2+ 43. Kf3 Bd1+ 44. Kg2 Rb7 45. Nxc5 bxc5 46. Rh1
Rxb2+ 47. Kg3 Bh5 48. Nxh5 gxh5 49. Ra1 Rc2 50. Ra3 Kg7 51. f5 h6 52. g6 h4+
53. Kxh4 Re2 54. Rxa5 Rxe5 55. Ra7+ 1-0

[Event "Team men HL chess 2016"]
[Site "Sochi"]
[Date "2016.05.10"]
[Round "9.11"]
[White "Taysayev, Timur"]
[Black "Ponomarenko, Alexandr"]
[Result "1-0"]
[WhiteElo "2231"]
[BlackElo "2240"]
[PlyCount "83"]
[EventDate "2016.05.01"]

1. e4 e5 2. Nf3 Nc6 3. Bb5 a6 4. Ba4 Nf6 5. O-O Be7 6. Re1 O-O 7. Bxc6 dxc6 8.
Nxe5 c5 9. d3 h6 10. Nd2 Nd7 11. Ndc4 Bf6 12. Ng4 Be7 13. Nxh6+ gxh6 14. Bxh6
Nf6 15. Bxf8 Bxf8 16. Re3 Bg7 17. Rg3 Be6 18. Qf3 Kf8 19. Re1 a5 20. a4 Qe7 21.
e5 Nd5 22. Qe4 Ra6 23. f4 f5 24. exf6 Qxf6 25. Ne5 Qf5 26. Qf3 Rb6 27. Rg5 Qf6
28. Qxd5 Bxd5 29. Nd7+ Kf7 30. Nxf6 Bc6 31. Nd5 Bd4+ 32. Kf1 Bxd5 33. Rxd5 Rxb2
34. Rd7+ Kf6 35. g4 Rxc2 36. Re2 Rc1+ 37. Kg2 Rd1 38. h4 Rxd3 39. f5 Re3 40.
Rxe3 Bxe3 41. Kf3 Bd4 42. Ke4 1-0

[Event "Team men HL chess 2016"]
[Site "Sochi"]
[Date "2016.05.10"]
[Round "9.11"]
[White "Dulenko, Maxim"]
[Black "Nazaretyan, Tigran"]
[Result "1/2-1/2"]
[WhiteElo "2148"]
[BlackElo "2316"]
[PlyCount "224"]
[EventDate "2016.05.01"]

1. e4 c5 2. Nf3 d6 3. c3 Nf6 4. h3 g6 5. Bd3 Bg7 6. O-O O-O 7. Re1 Nc6 8. Bf1
e5 9. d3 d5 10. Qc2 h6 11. Nbd2 Re8 12. a4 d4 13. cxd4 cxd4 14. Nc4 Nh5 15. a5
Nf4 16. Bxf4 exf4 17. b4 Nxb4 18. Qd2 Nc6 19. Qxf4 Be6 20. a6 bxa6 21. Rxa6 Nb4
22. Ra4 a5 23. Nxa5 Nxd3 24. Bxd3 Rxa5 25. Rb4 Ra3 26. Bb5 Qa5 27. Reb1 Rd8 28.
e5 Ra1 29. Bd3 Qxb4 30. Rxa1 Qc3 31. Rd1 Bb3 32. Rd2 Qa1+ 33. Kh2 Qc1 34. Qh4
Qc7 35. Re2 Bd1 36. Re1 Bxf3 37. gxf3 Bxe5+ 38. Kg2 Bg7 39. Re7 Qd6 40. Qe4 Bf8
41. Rb7 Qd5 42. Qxd5 Rxd5 43. f4 Kg7 44. Kf3 Rd6 45. f5 gxf5 46. Rb5 Be7 47.
Rxf5 Bf6 48. Rf4 Rc6 49. Rg4+ Kf8 50. Rf4 Rc3 51. Ke4 Ke7 52. Rf5 Rc1 53. Rh5
Re1+ 54. Kf3 Bg5 55. h4 Rh1 56. Kg4 Rg1+ 57. Kf3 Rh1 58. Kg4 Bd2 59. Rf5 Ra1
60. Kf3 f6 61. Rd5 Bc3 62. Rh5 Rd1 63. Ke4 Rd2 64. f4 Rd1 65. Be2 Re1 66. Kd3
Rg1 67. Rxh6 Rg3+ 68. Kc4 Ke6 69. Rh5 Bd2 70. Kxd4 Bxf4 71. Bc4+ Kd6 72. Ke4
Be5 73. Kf5 Rf3+ 74. Kg6 Rc3 75. Ba2 Rg3+ 76. Kf7 Ra3 77. Bb1 Ra7+ 78. Kg6 Ra1
79. Bf5 Rg1+ 80. Kf7 Rg2 81. Rh8 Bb2 82. Rb8 Ke5 83. Rb5+ Kf4 84. h5 Be5 85.
Bg6 Rh2 86. Rb1 Kg5 87. Re1 Kh6 88. Ke6 Bc3 89. Rc1 Be5 90. Rc8 Rxh5 91. Bxh5
Kxh5 92. Rg8 Kh4 93. Kf5 Kh3 94. Rg4 Bb2 95. Kf4 Ba1 96. Kf3 Be5 97. Rg1 Kh4
98. Rg8 Kh5 99. Ke4 Kh4 100. Kf5 Kh3 101. Rg7 Kh4 102. Rg4+ Kh3 103. Re4 Kg3
104. Ra4 Kh3 105. Rg4 Kh2 106. Ke4 Kh3 107. Kf3 Bc3 108. Rf4 Bb2 109. Ra4 Be5
110. Rc4 Bb2 111. Rc6 Kh4 112. Rxf6 Bxf6 1/2-1/2

[Event "Team men HL chess 2016"]
[Site "Sochi"]
[Date "2016.05.10"]
[Round "9.11"]
[White "Kulumbekov, Giya"]
[Black "Kayukov, Kirill"]
[Result "0-1"]
[WhiteElo "2052"]
[BlackElo "2166"]
[PlyCount "92"]
[EventDate "2016.05.01"]

1. d4 e6 2. c4 d5 3. Nf3 Be7 4. g3 c6 5. Bg2 f5 6. O-O Nf6 7. b3 O-O 8. Ba3 Bd7
9. Bxe7 Qxe7 10. Nbd2 Be8 11. Qc2 Bh5 12. Rac1 Ne4 13. e3 Nd7 14. b4 Nd6 15. a4
Ne4 16. Qb2 Nb6 17. a5 Bxf3 18. Nxf3 Nxc4 19. Rxc4 dxc4 20. Ne5 Nd6 21. a6 b5
22. Nxc6 Qc7 23. Qa3 Rac8 24. Rc1 Kh8 25. h4 Nf7 26. Na5 e5 27. Bb7 Rce8 28.
Nc6 exd4 29. Nxd4 Nd6 30. Bc6 Rb8 31. Bf3 Qb6 32. h5 Ne4 33. Ne2 Rf6 34. Ra1
Nd2 35. Bb7 Nb3 36. Re1 Qd6 37. Nf4 Qd2 38. Re2 Qc1+ 39. Qxc1 Nxc1 40. Rd2 Nd3
41. Nd5 Re6 42. Ra2 Rd6 43. Nc3 Nxb4 44. Ra5 Rd3 45. Rxb5 Nxa6 46. Nd5 c3 0-1